| 000 | 00939 aa a2200229 4500 | ||
|---|---|---|---|
| 005 | 20120218121026.0 | ||
| 010 | _a | ||
| 020 |
_c200.00 _a8188408034 |
||
| 035 | _aB-73013 | ||
| 037 |
_b _adpl |
||
| 082 | _a220.21 | ||
| 100 |
_aमोहम्मद हनीफ खाँ _942582 |
||
| 245 |
_aमानव अधिकारः वेदों के आलोक में / _cमोहम्मद हनीफ खाँ |
||
| 246 | _a | ||
| 260 |
_aनई दिल्ली _bशाइस्ता प्रकाशन _c2002 |
||
| 260 | _a | ||
| 300 |
_a156पृ _c22 सेमी (सजिल्द) |
||
| 650 |
_aStatistic _942583 |
||
| 700 |
_aओझा, एन.एन. _942439 |
||
| 942 |
_adpl _cHN _k _2ddc _h220.21 _mमोहम्म |
||
| 999 |
_c63201 _d63201 |
||